000 00450nam a2200157Ia 4500
008 240729s9999 xx 000 0 und d
022 _a1809-4864
245 0 _aInternational Archives of Otorhinolaryngology
260 _aBrazil
260 _bThieme Revinter Publicações Ltda.
650 _a Otorhinolaryngology
650 _aMedicine
856 _uhttps://doaj.org/toc/0a1c317123fe4c02a1b47d27e1638ec7
942 _2ddc
942 _cDOAJEJ
999 _c67520
_d67520
945 _a1
_bMadushi Gamage
_c1
_dMadushi Gamage